| 000 | 00640nam a2200205Ia 4500 | ||
|---|---|---|---|
| 003 | GCL | ||
| 008 | 140319s9999 xx 000 0 ara d | ||
| 040 |
_aGCL / _cGCL |
||
| 082 | 0 | 4 |
_a928.1 _bط ه |
| 100 | 1 | _aطه وادى | |
| 245 | 1 | 0 |
_aهيكل رائد الرواية : السيرة والتراث / _cطه وادى |
| 300 | _a200 ص | ||
| 490 |
_aالهيئة العامة للاستعلامات _v0 |
||
| 650 | 0 | 4 | _aالتراجم |
| 650 | 0 | 4 | _aالادباء |
| 650 | 0 | 4 | _aالادباء المصريون |
| 650 | 0 | 4 | _aمحمد حسين هيكل |
| 650 | 0 | 4 | _aالقصة القصيرة - تاريخ ونقد |
| 942 |
_2ddc _cBK |
||
| 999 |
_c49255 _d49255 |
||